01154nam a2200193Ia 4500001001100000003001000011008004100021040002500062041001300087100002200100245005900122250001100181260008200192300001200274500026200286501011400548520026200662650003600924L200-52620IT-CnALBA170116s9999||||xx |||||||||||||| ||und|| aIT-CnALBAcIT-CnALBA aITALIANO aPOSSENTI VITTORIO 0aCATTOLICESIMO E MODERNITÀ. BALBO, DEL NOCE, RODANO.  a1a ed. a ROMA, MILANO.bARES EDIZIONI c1996 [1° Ed.:1996 - Ed.Ling.Originale: 1996] a230 p.  aPROBLEMI E DOCUMENTI. INTRODUZIONE. FIGURE DEL PENSIERO CATTOLICO. L'IDEA DI MODERNITÀ. UNA RIVOLUZIONE ULTERIORE A QUELLA MARXISTA. AUGUSTO DEL NOCE, FILOSOFO ATTRAAVERSO LA STORIA DELLA FILOSOFIA. GIOVANNI GENTILE NELL'INTERPRETAZIONE DI DEL NOCE. MARXI aSocietà San Paolo EM - Piazza San Paolo, 14 - 12051 ALBA (CN) (non commercial uses only) ® Copyright 2017 aPROBLEMI E DOCUMENTI. INTRODUZIONE. FIGURE DEL PENSIERO CATTOLICO. L'IDEA DI MODERNITÀ. UNA RIVOLUZIONE ULTERIORE A QUELLA MARXISTA. AUGUSTO DEL NOCE, FILOSOFO ATTRAAVERSO LA STORIA DELLA FILOSOFIA. GIOVANNI GENTILE NELL'INTERPRETAZIONE DI DEL NOCE. MARXI aRELIGIONE - RELIGIONE CRISTIANA